Представление документа в формате RUSMARC

ПолеНазваниеЗначение
  Тип записи a
  Библиографический уровень m
001 Контрольный номер 02aa15f3c6264d52888df81266660f2b
005 Дата корректировки 20141010110959.1
200 Заглавие и сведения об ответственности 1_
a Заглавие Особенности устной и письменной речи
e Сведения, относящиеся к заглавию Лекция
f Первые сведения об ответственности Центросоюз РФ. ОУ "МУПК".Каф.общих гуманитарных дисциплин
210 Выходные данные 1_
a Место издания М.
c Издательство МУПК
d Дата издания 2003
215 Физическое описание __
a Объем 30 с.
610 Ключевые слова 0_
a Ключевые слова устная речь
610 Ключевые слова 0_
a Ключевые слова письменная речь
610 Ключевые слова 0_
a Ключевые слова лекция
610 Ключевые слова 0_
a Ключевые слова каф. общих гуманитарных дисциплин
610 Ключевые слова 0_
a Ключевые слова все спец.
610 Ключевые слова 0_
a Ключевые слова русский язык
686 Индексы других классификаций __
a Классификационный индекс 81.411.2-923
2 Код системы rubbk
700 Автор _1
a Фамилия Колчина Нина Ивановна
801 Источник записи _0
a Страна RU
b Организация РУК
c Дата составления 20040323
g Правила каталогизации PSBO
801 Источник записи _1
a Страна RU
b Организация РУК
c Дата составления 20040323
g Правила каталогизации PSBO
852 Данные о местонахождении __
i Авторский знак К61
j Шифр хранения ББК 81.411.2
901 Тип документа __
t Тип документа m
912 Принадлежность преподавателя к РУК __
a Принадлежность преподавателя к РУК Преподаватель Головного вуза
938 Служебная информация __
a Название организации Головной вуз
b Имя БД BOOK
c Название АИБС АИБС ИРБИС
938 Служебная информация __
a Название организации Ижевский филиал